LEADER 00855nam a2200253 i 4500 001 991003834149707536 005 20020509132926.0 008 010514s1979 it ||| | ita 035 $ab11221525-39ule_inst 035 $aPARLA189427$9ExL 040 $aDip.to Filosofia$bita 082 0 $a193 100 1 $aCorradini Broussard, Domenico$0121376 245 10$aNietzsche /$cscritti di D. Corradini ... [et al.] 260 $aMilano :$bAngeli,$c[1979] 300 $a230 p. ;$c22 cm. 490 0 $aLavoro filosofico ;$v1 650 4$aNietzsche, Friedrich 907 $a.b11221525$b23-02-17$c01-07-02 912 $a991003834149707536 945 $aLE005IF X L 39$g1$iLE005IFA-15528$lle005$o-$pE0.00$q-$rl$s- $t0$u0$v0$w0$x0$y.i11375656$z01-07-02 996 $aNietzsche$9867612 997 $aUNISALENTO 998 $ale005$b01-01-01$cm$da $e-$fita$git $h0$i1 LEADER 02443oam 2200577I 450 001 9910792533503321 005 20230808201644.0 010 $a1-351-94747-8 010 $a1-138-25853-9 010 $a1-315-25891-9 024 7 $a10.4324/9781315258911 035 $a(CKB)3710000001081824 035 $a(MiAaPQ)EBC4817499 035 $a(Au-PeEL)EBL4817499 035 $a(CaPaEBR)ebr11356658 035 $a(OCoLC)975224252 035 $a(OCoLC)988379794 035 $a(EXLCZ)993710000001081824 100 $a20180706e20162004 uy 0 101 0 $aeng 135 $aurcnu|||||||| 181 $2rdacontent 182 $2rdamedia 183 $2rdacarrier 200 10$aCrisis and renewal in twentieth century banking $eexploring history and archives of banking at times of political and social stress /$fedited by Edwin Green, John Lampe, and Franjo Stiblar 210 1$aLondon :$cRoutledge,$d2016. 215 $a1 online resource (302 pages) $cillustrations 225 1 $aStudies in banking history 300 $aFirst published 2004 by Ashgate Publishing. 300 $aProceedings of the 12th annual conference of the European Association for Banking History held in Ljubljana, Slovenia in May 2001. 311 $a0-7546-3358-6 311 $a1-351-94748-6 320 $aIncludes bibliographical references at the end of each chapters and index. 327 $apt. I. War and revolution : Russian and foreign banks, 1917-30 -- pt. II. Depression and political turmoil in Central Europe -- pt. III. Banking in civil war and its aftermath -- pt. IV. Post-war reconstruction : the German and Far Eastern experience -- pt. V. Crisis and renewal in twentieth century banking : the Slovenian experience -- Part VI. Rupture and reconnections. 410 0$aStudies in banking history. 517 3 $aCrisis and renewal in 20th century banking 606 $aBanks and banking$zEurope$xHistory$vCongresses 606 $aFinancial institutions$zEurope$xHistory$vCongresses 615 0$aBanks and banking$xHistory 615 0$aFinancial institutions$xHistory 676 $a332.10940904 701 $aGreen$b Edwin$0247906 701 $aLampe$b John R$0248394 701 $aStiblar$b Franjo$0722857 801 0$bMiAaPQ 801 1$bMiAaPQ 801 2$bMiAaPQ 906 $aBOOK 912 $a9910792533503321 996 $aCrisis and renewal in twentieth century banking$93778420 997 $aUNINA